[Event "?"]
[Site "?"]
[Date "????.??.??"]
[Round "?"]
[White "Shushpanov, V."]
[Black "Korman, U."]
[Result "1-0"]
[WhiteElo "2308"]
[BlackElo "2150"]
[PlyCount "115"]
[EventDate "2013.??.??"]
[WhiteTeam "Sankt Petersburg"]
[BlackTeam "Schweden 2"]

1. d4 Nf6 2. c4 d6 3. Nf3 g6 4. g3 Bg7 5. Bg2 O-O 6. O-O Nbd7 7. b3 e5 8. dxe5
dxe5 9. Nc3 Re8 10. Bb2 c6 11. Qc2 Qc7 12. Rad1 Nc5 13. b4 Bf5 14. Qc1 Ncd7 15.
c5 a5 16. a3 axb4 17. axb4 b6 18. Nh4 bxc5 19. Nxf5 gxf5 20. b5 e4 21. Qg5 Re5
22. bxc6 Qxc6 23. f4 h6 24. Qxg7+ Kxg7 25. fxe5 Ng4 26. Nxe4 Ne3 27. e6+ Kg6
28. exd7 Nxd1 29. Nc3 Qb6 30. Nxd1 c4+ 31. e3 Rd8 32. Bh3 Qe6 33. Bd4 Rxd7 34.
Bxf5+ Qxf5 35. Rxf5 Kxf5 36. Kf2 Ke4 37. Ke2 Rb7 38. Nc3+ Kf5 39. Kf3 Rb2 40.
h3 Ke6 41. g4 f5 42. Ne2 fxg4+ 43. hxg4 Rb1 44. Ke4 Rh1 45. Nf4+ Kf7 46. Kf5
Rc1 47. Ke4 Rg1 48. Kf3 Rc1 49. e4 Rf1+ 50. Ke3 Re1+ 51. Ne2 Rh1 52. e5 Rh4 53.
Kf3 Rh2 54. Nf4 Ra2 55. e6+ Ke8 56. Ke4 Ra3 57. Nd5 Rg3 58. Ke5 1-0

[Event "?"]
[Site "?"]
[Date "????.??.??"]
[Round "?"]
[White "Wuttke, H."]
[Black "Burnett, J."]
[Result "0-1"]
[WhiteElo "2171"]
[BlackElo "2117"]
[PlyCount "122"]
[EventDate "2013.??.??"]
[WhiteTeam "Brandenburg"]
[BlackTeam "England 2"]

1. Nf3 d5 2. c4 e6 3. b3 Nf6 4. Bb2 Be7 5. g3 O-O 6. Bg2 c6 7. O-O b5 8. Ne5
Bb7 9. d3 Nbd7 10. Nxd7 Qxd7 11. cxb5 cxb5 12. Nd2 Rfc8 13. Nf3 a5 14. a3 Bd6
15. Qd2 Qe7 16. Nd4 Qd7 17. f4 b4 18. a4 Ba6 19. Kh1 Bc5 20. e3 Re8 21. Rae1
Rac8 22. Rf2 Re7 23. Bh3 Bb7 24. Bg2 Ba6 25. Qd1 Qd8 26. h3 Rec7 27. Nf3 Nd7
28. Ne5 f6 29. Nxd7 Qxd7 30. Rd2 Bb6 31. Kh2 Qf7 32. h4 Rd8 33. Qe2 Ba7 34. Bh3
Re7 35. Rc2 Bb8 36. Rec1 e5 37. fxe5 fxe5 38. Bc8 Bxc8 39. Rxc8 Red7 40. Rxd8+
Rxd8 41. Rf1 Qe6 42. Rf2 d4 43. exd4 Qxb3 44. Qe4 Qd5 45. Qxd5+ Rxd5 46. Rc2
Kf7 47. Rc8 Bd6 48. Ra8 exd4 49. Ra7+ Be7 50. g4 Ke6 51. Kg3 h5 52. Ra6+ Bd6+
53. Kf3 hxg4+ 54. Kxg4 g6 55. Ra7 Rf5 56. Bc1 Rf1 57. Bh6 b3 58. Rb7 Bb4 59.
Rb6+ Kd5 60. Bd2 b2 61. Bxb4 axb4 0-1

[Event "?"]
[Site "?"]
[Date "????.??.??"]
[Round "?"]
[White "Rychlik, K."]
[Black "Nordenstrom, S."]
[Result "1/2-1/2"]
[WhiteElo "2098"]
[BlackElo "1929"]
[PlyCount "74"]
[EventDate "2013.??.??"]
[WhiteTeam "Widukind 1"]
[BlackTeam "Schweden 4"]

1. e4 c5 2. Nc3 Nc6 3. Nf3 d6 4. h3 Nf6 5. Be2 e6 6. d4 cxd4 7. Nxd4 Be7 8. O-O
O-O 9. Be3 a6 10. Bf3 Qc7 11. Qd2 Nxd4 12. Bxd4 Bd7 13. Rfe1 e5 14. Be3 b5 15.
a3 Rac8 16. Rac1 Rfd8 17. g4 Be6 18. Nd5 Nxd5 19. exd5 Bd7 20. Be4 g6 21. Kh2
Bf6 22. c3 Rf8 23. f4 exf4 24. Bxf4 Rfe8 25. Qf2 Rcd8 26. Bg2 Rxe1 27. Rxe1 Re8
28. Rf1 Bc8 29. Kh1 Be5 30. Bg5 f5 31. Bh6 Bf6 32. Be3 Be5 33. g5 Qc4 34. Rd1
Bb7 35. Bd4 Bxd4 36. Rxd4 Qc5 37. Kh2 Re5 1/2-1/2

[Event "?"]
[Site "?"]
[Date "????.??.??"]
[Round "?"]
[White "Deppe, C."]
[Black "Kahn, P."]
[Result "1/2-1/2"]
[WhiteElo "1863"]
[BlackElo "2129"]
[PlyCount "71"]
[EventDate "2013.??.??"]
[WhiteTeam "Dresden-Striesen 1990"]
[BlackTeam "USV TU Dresden"]

1. f4 d5 2. Nf3 Nf6 3. e3 g6 4. b4 Bg7 5. Bb2 O-O 6. Be2 b6 7. O-O a5 8. b5 c5
9. c4 Bb7 10. Na3 Nbd7 11. Qc1 e6 12. Ne5 Qe7 13. Rb1 Nxe5 14. Bxe5 Nd7 15.
Bxg7 Kxg7 16. Bf3 Rad8 17. d3 Ba8 18. e4 dxe4 19. dxe4 e5 20. Qc3 f6 21. f5
gxf5 22. exf5 e4 23. Rbe1 Qe5 24. Qxe5 Nxe5 25. Bxe4 Bxe4 26. Rxe4 Rd2 27. Nb1
Rc2 28. Rd1 Rxc4 29. Rxc4 Nxc4 30. Nc3 Rf7 31. Rd8 Re7 32. Nd5 Re2 33. Rd7+ Kh6
34. h4 Ne5 35. Rd6 Ng4 36. g3 1/2-1/2

[Event "?"]
[Site "?"]
[Date "????.??.??"]
[Round "?"]
[White "Munninghoff, Alexander"]
[Black "Goerden, Hans-Juergen"]
[Result "1/2-1/2"]
[WhiteElo "1945"]
[BlackElo "1930"]
[PlyCount "66"]
[EventDate "2013.??.??"]
[WhiteTeam "Niederlande"]
[BlackTeam "SV Lok Dresden"]

1. c4 Nf6 2. g3 e5 3. Bg2 d5 4. cxd5 Nxd5 5. Nc3 Nxc3 6. bxc3 Bd6 7. Nf3 O-O 8.
O-O c6 9. d4 Nd7 10. e4 Qe7 11. Qc2 f6 12. Nh4 g6 13. Bh6 Rf7 14. f4 exf4 15.
gxf4 Bc7 16. e5 f5 17. Bg5 Qe6 18. Bh6 Nb6 19. Nf3 Qc4 20. Ng5 Re7 21. Rf3 Be6
22. Bf1 Qd5 23. c4 Qxd4+ 24. Kg2 Qxa1 25. Rb3 c5 26. Bd3 Qd4 27. Nxe6 Rxe6 28.
Bxf5 gxf5 29. Rg3+ Rg6 30. Qxf5 Rxg3+ 31. hxg3 Qd2+ 32. Kh1 Qd7 33. Qg5+ Kh8
1/2-1/2

[Event "?"]
[Site "?"]
[Date "????.??.??"]
[Round "?"]
[White "Wendrich, F."]
[Black "Heinig, J."]
[Result "0-1"]
[WhiteElo "1958"]
[BlackElo "1828"]
[PlyCount "66"]
[EventDate "2013.??.??"]
[WhiteTeam "Dresdner Springer"]
[BlackTeam "SV Bannewitz"]

1. d4 Nf6 2. c4 g6 3. Nc3 Bg7 4. e4 d6 5. f4 O-O 6. Nf3 c5 7. d5 Ne8 8. Be2 e6
9. O-O exd5 10. cxd5 Bg4 11. Be3 Nd7 12. Qd2 a6 13. a4 f5 14. Ng5 Bxe2 15. Ne6
Qa5 16. Qxe2 Rf7 17. Bd2 Qb6 18. a5 Qa7 19. Kh1 fxe4 20. Nxg7 Nxg7 21. Nxe4 Re8
22. Qd3 Qb8 23. Bc3 Nh5 24. g3 Nhf6 25. Rae1 Nxe4 26. Rxe4 Rfe7 27. Rfe1 Qd8
28. Qf3 Rxe4 29. Rxe4 Rxe4 30. Qxe4 Nf8 31. f5 Qd7 32. f6 Qf5 33. Qe7 Qf1# 0-1

[Event "?"]
[Site "?"]
[Date "????.??.??"]
[Round "?"]
[White "Wünschmann, B."]
[Black "Schwier, M."]
[Result "1/2-1/2"]
[WhiteElo "1682"]
[BlackElo "2103"]
[PlyCount "65"]
[EventDate "2013.??.??"]
[WhiteTeam "SV Bannewitz"]
[BlackTeam "Dresdner Springer"]

1. b4 e5 2. Bb2 Bxb4 3. Bxe5 Nf6 4. c4 O-O 5. e3 d6 6. Bb2 Nc6 7. Nf3 Re8 8.
Be2 Ne5 9. O-O c6 10. d4 Ng6 11. Nbd2 d5 12. a3 Bd6 13. c5 Bc7 14. Re1 Rb8 15.
Qc2 Ne4 16. Bd3 f5 17. g3 Re6 18. Kg2 Bd7 19. a4 Ba5 20. Reb1 Be8 21. h4 Nf8
22. Nf1 Bh5 23. Ne5 g6 24. f3 Nf6 25. Nh2 N6d7 26. f4 Nf6 27. Bc3 Bc7 28. a5 a6
29. Rb3 Qc8 30. Rab1 N8d7 31. Bd2 Bxe5 32. dxe5 Re7 33. Nf3 1/2-1/2

[Event "?"]
[Site "?"]
[Date "????.??.??"]
[Round "?"]
[White "Danielsson, R."]
[Black "Ranki, M."]
[Result "1-0"]
[WhiteElo "2071"]
[BlackElo "1925"]
[PlyCount "138"]
[EventDate "2013.??.??"]
[WhiteTeam "Schweden 3"]
[BlackTeam "Turku"]

1. d4 Nf6 2. c4 d5 3. cxd5 Qxd5 4. Nc3 Qh5 5. Bf4 Qa5 6. e3 e6 7. Bd3 Bb4 8.
Nge2 O-O 9. O-O Bd6 10. Rc1 Bd7 11. Bb1 Nc6 12. Bxd6 cxd6 13. a3 Qh5 14. Qd3 a6
15. Ng3 Qh6 16. Nge4 Ne8 17. Ng5 g6 18. f4 Ne7 19. Rf3 Qg7 20. Rf2 Rc8 21. b4
Nf5 22. Rfc2 Nf6 23. e4 Ne7 24. g3 Rfd8 25. Ba2 Qh6 26. Nf3 b5 27. Nd2 Nc6 28.
e5 Ne8 29. Nce4 Qf8 30. exd6 Na7 31. Nc5 Nf6 32. Nxa6 Qxd6 33. Nc5 Bc6 34. d5
Bxd5 35. Bxd5 Qxd5 36. Qxd5 Rxd5 37. Nde4 Nxe4 38. Nxe4 Rd1+ 39. Rxd1 Rxc2 40.
Rd2 Rc1+ 41. Kf2 Rc7 42. Ke3 Kf8 43. Rd3 Ke7 44. Nc5 Nc8 45. a4 bxa4 46. Nxa4
Rb7 47. Rb3 Nb6 48. Nxb6 Rxb6 49. Kd4 Kd6 50. b5 f6 51. Kc4 e5 52. Rd3+ Kc7 53.
fxe5 fxe5 54. Kc5 Re6 55. Kd5 Rd6+ 56. Ke4 Rb6 57. Rd5 Rf6 58. Rxe5 Rf2 59. h4
Kd6 60. Rd5+ Ke6 61. Rc5 Re2+ 62. Kf4 Rf2+ 63. Ke4 Re2+ 64. Kf4 Rg2 65. Rc3 h6
66. Ke4 g5 67. hxg5 hxg5 68. Kd4 Kd6 69. Kc4 g4 1-0

[Event "?"]
[Site "?"]
[Date "????.??.??"]
[Round "?"]
[White "Kempe, R."]
[Black "Schwertel, J."]
[Result "1/2-1/2"]
[WhiteElo "1885"]
[BlackElo "2010"]
[PlyCount "82"]
[EventDate "2013.??.??"]
[WhiteTeam "VS Seniorenschachklub DD"]
[BlackTeam "Rheno Palatinat"]

1. e4 c6 2. d4 d5 3. Nc3 dxe4 4. Nxe4 Nf6 5. Ng3 e6 6. Bf4 Bd6 7. Nh3 Qc7 8.
Qd2 Nd5 9. Bxd6 Qxd6 10. Ne4 Qe7 11. c4 Nf6 12. Nhg5 b6 13. c5 O-O 14. f4 Nxe4
15. Nxe4 Ba6 16. Bxa6 Nxa6 17. O-O Nc7 18. Rac1 b5 19. Rf3 Nd5 20. Rh3 Rad8 21.
Nd6 Qf6 22. Rf1 Ne7 23. g4 Nc8 24. g5 Qg6 25. f5 exf5 26. Nxf5 Rd5 27. Qf4 Re8
28. Rg3 Rd7 29. h4 Kh8 30. Qg4 Red8 31. Re3 h5 32. Qe2 Rd5 33. Ref3 Re8 34. Qh2
Rd7 35. Qf2 Re4 36. Kh2 Qe6 37. Qg3 Re2+ 38. R3f2 Rxf2+ 39. Rxf2 f6 40. gxf6
gxf6 41. Qf3 Ne7 1/2-1/2

[Event "?"]
[Site "?"]
[Date "????.??.??"]
[Round "?"]
[White "Poulsen, H."]
[Black "Johnsen, O."]
[Result "0-1"]
[WhiteElo "1853"]
[BlackElo "2038"]
[PlyCount "102"]
[EventDate "2013.??.??"]
[WhiteTeam "Dänemark 2"]
[BlackTeam "Norwegen 2"]

1. c4 b6 2. Nf3 Bb7 3. g3 Bxf3 4. exf3 c5 5. Bg2 Nc6 6. Nc3 e6 7. f4 Rc8 8. O-O
g6 9. Rb1 Bg7 10. b3 Nge7 11. Bb2 d6 12. Ne2 Bxb2 13. Rxb2 e5 14. fxe5 dxe5 15.
f4 exf4 16. Rxf4 f5 17. Nc3 Nd4 18. Nd5 O-O 19. d3 Kg7 20. b4 Nxd5 21. Bxd5 Qf6
22. Rff2 Rc7 23. bxc5 bxc5 24. Qa4 Qe7 25. Qa5 Re8 26. Qd2 Qe5 27. Kg2 Rd7 28.
Rb7 Rxb7 29. Bxb7 Qe3 30. Qxe3 Rxe3 31. Rd2 Kf6 32. Kf2 Re7 33. Bd5 g5 34. Rb2
f4 35. gxf4 gxf4 36. Be4 Ke5 37. Rb8 Ne6 38. Rh8 Ng5 39. Rc8 Nxe4+ 40. dxe4 Kd4
41. Kf3 Rf7 42. Rd8+ Kxc4 43. e5 Kb5 44. e6 Re7 45. Rd6 c4 46. Kxf4 c3 47. Rd5+
Kc4 48. Rd6 Kc5 49. Rd7 Rxe6 50. Rxh7 c2 51. Rh5+ Kb6 0-1

[Event "?"]
[Site "?"]
[Date "????.??.??"]
[Round "?"]
[White "Peltola, L."]
[Black "Berger, F."]
[Result "1-0"]
[WhiteElo "2006"]
[BlackElo "1660"]
[PlyCount "109"]
[EventDate "2013.??.??"]
[WhiteTeam "Helsinki"]
[BlackTeam "BSW/DBAG 5"]

1. e4 e5 2. Nf3 Nc6 3. Bb5 d6 4. d4 exd4 5. Nxd4 Bd7 6. O-O Nxd4 7. Bxd7+ Qxd7
8. Qxd4 Ne7 9. Nc3 Nc6 10. Qd3 Be7 11. Nd5 O-O 12. Bd2 Ne5 13. Qe2 Rfe8 14. f4
Nc6 15. Bc3 Bd8 16. Qd3 Qe6 17. Rae1 Ne7 18. f5 Qd7 19. Qg3 Ng6 20. fxg6 hxg6
21. Qf3 c6 22. Nf4 Bb6+ 23. Kh1 Rad8 24. Rd1 Qe7 25. Rfe1 Bc7 26. Nd3 Qh4 27.
g3 Qe7 28. Kg2 Qg5 29. Rf1 Re7 30. Bd2 Qb5 31. b3 Rde8 32. a4 Qh5 33. Rde1
Qxf3+ 34. Kxf3 Re6 35. Bc3 g5 36. Nf2 a6 37. Bd2 f6 38. Rh1 Bb6 39. Nd3 Kf7 40.
h4 gxh4 41. Rxh4 Bd8 42. Rhh1 Bb6 43. Bc3 Rc8 44. Nf4 Ree8 45. Bb4 c5 46. Bc3
Bc7 47. Nd5 b5 48. axb5 axb5 49. Ra1 Bb8 50. g4 Re6 51. Rh7 Rce8 52. g5 Kg6 53.
Rah1 Rg8 54. gxf6 gxf6 55. R1h6+ 1-0

[Event "?"]
[Site "?"]
[Date "????.??.??"]
[Round "?"]
[White "Patola, E."]
[Black "Gabriel, W."]
[Result "1-0"]
[WhiteElo "1947"]
[BlackElo "1733"]
[PlyCount "63"]
[EventDate "2013.??.??"]
[WhiteTeam "Helsinki"]
[BlackTeam "BSW/DBAG 5"]

1. c4 Nf6 2. Nc3 e6 3. g3 c6 4. Bg2 Be7 5. e4 d5 6. cxd5 cxd5 7. e5 Nfd7 8. d4
Qc7 9. Qg4 O-O 10. Bh6 g6 11. Bxf8 Bxf8 12. Nge2 Nc6 13. h4 Bg7 14. h5 Ne7 15.
hxg6 hxg6 16. Qh4 Nf8 17. Rc1 Nf5 18. Qf4 Qd7 19. g4 Ne7 20. Rd1 b6 21. Rd3 Nc6
22. Rdh3 Bb7 23. Qh2 f6 24. exf6 Bxf6 25. Qf4 Qe7 26. Nxd5 exd5 27. Bxd5+ Ne6
28. Qe4 Kf7 29. Nf4 Ncd8 30. Qxg6+ Kf8 31. Rh8+ Bxh8 32. Rxh8# 1-0

[Event "?"]
[Site "?"]
[Date "????.??.??"]
[Round "?"]
[White "Waldmann, D."]
[Black "Lyly, S."]
[Result "0-1"]
[WhiteElo "1452"]
[BlackElo "1893"]
[PlyCount "66"]
[EventDate "2013.??.??"]
[WhiteTeam "BSW/DBAG 5"]
[BlackTeam "Helsinki"]

1. e4 c5 2. Nf3 g6 3. d4 Bg7 4. Bc4 cxd4 5. Nxd4 Nc6 6. Nxc6 bxc6 7. Qf3 e6 8.
O-O Ne7 9. c3 O-O 10. Be3 d5 11. Bd3 a5 12. Rd1 a4 13. Bc2 Qa5 14. Qe2 Rb8 15.
Bc1 f5 16. e5 f4 17. Rd4 Qc7 18. Bxf4 c5 19. Rxa4 Bd7 20. Ra3 Rxf4 21. g3 Rf7
22. f4 Rxb2 23. Rb3 Rxb3 24. axb3 Bc6 25. Qg4 Qd7 26. Nd2 Nf5 27. Nf3 Bxe5 28.
Ra6 Bf6 29. h4 d4 30. h5 Rg7 31. Ng5 Bxg5 32. Bxf5 gxf5 33. Qxg5 h6 0-1

[Event "?"]
[Site "?"]
[Date "????.??.??"]
[Round "?"]
[White "Kalmutzki, M."]
[Black "Fleischer, M."]
[Result "0-1"]
[WhiteElo "1930"]
[BlackElo "1912"]
[PlyCount "113"]
[EventDate "2013.??.??"]
[WhiteTeam "BSW/DBAG 4"]
[BlackTeam "Rochade MV"]

1. d4 e6 2. e3 d5 3. f4 a6 4. Nf3 Nf6 5. Bd3 b5 6. Ne5 c5 7. c3 Bb7 8. Nd2 Nbd7
9. Qf3 cxd4 10. exd4 Qc7 11. g4 g6 12. h4 h5 13. g5 Nxe5 14. fxe5 Ng4 15. Nf1
Bg7 16. Bf4 Qb6 17. Ne3 Nxe3 18. Bxe3 b4 19. O-O O-O 20. cxb4 Qxb4 21. Qf2 a5
22. Rac1 Qb6 23. Rc3 Rac8 24. Rxc8 Bxc8 25. a3 Ba6 26. Bxa6 Qxa6 27. Bd2 Qa7
28. Bc3 a4 29. Bb4 Rc8 30. Kg2 Rc7 31. Bc3 Qa6 32. Rc1 Qd3 33. Qf3 Qb5 34. Qe3
Qb7 35. Qd2 Qc8 36. Qd3 Rc4 37. Qe3 Qb7 38. Kf2 Bf8 39. Qd2 Qc8 40. Ra1 Be7 41.
Kg2 Bd8 42. Kf3 Qb7 43. Rc1 Bb6 44. Rd1 Bc7 45. Qe3 Qa8 46. Rc1 Qc6 47. Kf2 Ba5
48. Qd2 Bb6 49. Ke3 Bxd4+ 50. Bxd4 Rxc1 51. Qa5 Qd7 52. Bc5 Qc8 53. Be7 Rh1 54.
Qxa4 Qc1+ 55. Kf3 Qf1+ 56. Ke3 Rh3+ 57. Kd4 0-1

[Event "?"]
[Site "?"]
[Date "????.??.??"]
[Round "?"]
[White "Warnke, E."]
[Black "Kundt, G."]
[Result "1/2-1/2"]
[WhiteElo "1848"]
[BlackElo "1512"]
[PlyCount "21"]
[EventDate "2013.??.??"]
[WhiteTeam "BSW/DBAG 4"]
[BlackTeam "Rochade MV"]

1. Nf3 Nf6 2. d4 b6 3. e3 Bb7 4. Bd3 e6 5. Nbd2 Be7 6. O-O O-O 7. c3 d5 8. Re1
Nbd7 9. a3 c5 10. h3 c4 11. Bc2 1/2-1/2

[Event "?"]
[Site "?"]
[Date "????.??.??"]
[Round "?"]
[White "Baumgarten, W."]
[Black "Weichelt, S."]
[Result "1/2-1/2"]
[WhiteElo "1956"]
[BlackElo "1649"]
[PlyCount "41"]
[EventDate "2013.??.??"]
[WhiteTeam "BSW/DBAG 2"]
[BlackTeam "SK Heidenau"]

1. c4 Nf6 2. Nc3 g6 3. d4 Bg7 4. e4 d6 5. Bg5 O-O 6. Qd2 Nc6 7. f3 e5 8. d5 Ne7
9. g4 Nd7 10. Bd3 f6 11. Be3 g5 12. h4 h6 13. Nge2 Ng6 14. hxg5 hxg5 15. Ng3
Kf7 16. Nf5 Rh8 17. O-O-O Nf4 18. Bxf4 exf4 19. Ne2 Ne5 20. Ned4 Bxf5 21. exf5
1/2-1/2

[Event "?"]
[Site "?"]
[Date "????.??.??"]
[Round "?"]
[White "Kluge, J."]
[Black "Hasivar, G."]
[Result "1/2-1/2"]
[WhiteElo "1438"]
[BlackElo "1687"]
[PlyCount "68"]
[EventDate "2013.??.??"]
[WhiteTeam "SK Heidenau"]
[BlackTeam "BSW/DBAG 2"]

1. e4 c5 2. Nf3 Nc6 3. c3 e5 4. Bb5 d6 5. Bxc6+ bxc6 6. d4 cxd4 7. cxd4 Bg4 8.
dxe5 dxe5 9. Nbd2 Qc7 10. O-O Rd8 11. Qb3 Be6 12. Qc3 f6 13. Nc4 Bd6 14. Be3
Ne7 15. Rad1 O-O 16. Rd2 Nc8 17. h3 Be7 18. Rfd1 Rxd2 19. Rxd2 Rd8 20. Rc2 Nd6
21. Nxd6 Rxd6 22. Kh2 h6 23. Bc5 Rd7 24. Bxe7 Rxe7 25. a4 Qb6 26. Qxc6 Qxc6 27.
Rxc6 Bb3 28. Rc8+ Kf7 29. a5 Rd7 30. Rc3 Bc4 31. g4 a6 32. Kg3 Bb5 33. h4 g5
34. hxg5 hxg5 1/2-1/2

[Event "?"]
[Site "?"]
[Date "????.??.??"]
[Round "?"]
[White "Westphal, N."]
[Black "Bjorgvik, J."]
[Result "1/2-1/2"]
[WhiteElo "1900"]
[BlackElo "1835"]
[PlyCount "43"]
[EventDate "2013.??.??"]
[WhiteTeam "Chemie Radebeul"]
[BlackTeam "Norwegen 4"]

1. d4 d5 2. Nf3 e6 3. e3 Nf6 4. Bd3 c5 5. b3 Nc6 6. a3 cxd4 7. exd4 h6 8. O-O
Bd6 9. Qe2 Qc7 10. Bb2 O-O 11. Nbd2 Re8 12. Ne5 Bxe5 13. dxe5 Nd7 14. Rfe1 Nc5
15. Nf3 Nxd3 16. Qxd3 a5 17. c4 Rd8 18. Rad1 b6 19. cxd5 Rxd5 20. Qe4 Rxd1 21.
Rxd1 Bb7 22. Qh4 1/2-1/2